Category Elimination - Movies #7 - Animation - Statistics

General Stats
  • This quiz has been taken 104 times
    87 since last reset
  • The average score is 14 of 20
Answer Stats
Group # Hint Answer % Correct
Green 64 Disney movie
97%
Green 46 … that is before the Walt Disney Animation Studios era(2006-present)
95%
Orange 31 Pixar movie
95%
Orange 21 ... that is not a sequel
94%
Orange 14 ... where the title is one word long
91%
Green 27 … with a budget of less than $50 million
90%
Green 8 … that has won an Oscar
90%
Purple 52 Dreamworks movie
88%
Purple 30 ... released before 2015
88%
Pink 25 Best Animated Picture movie
79%
Purple 18 ... that did not get nominated for an Oscar
69%
Pink 14 ... that is not made by Pixar
69%
Orange 4 ... with the main character in its title
64%
Orange 1 ... and is part of the Criterion Collection WALL-E
52%
Pink 10 ... which performed better at the international than the US box office
51%
Purple 6 ... which made over $500 million at the box office
49%
Pink 6 ... that was created solely in the US
39%
Purple 1 ... and is the first instalment of a trilogy Madagascar
31%
Green 1 … and is initially set in Italy Pinocchio
27%
Pink 1 ... and has 4/5 stars or greater on Letterboxd Spiderman: Into the Spider-Verse
13%
No matching quizzes found
Score Distribution
Percent of People with Each Score
Percentile by Number Answered
Your Score History
You have not taken this quiz since the last reset